000 00664nam a2200241Ia 4500
003 OSt
005 20220924143601.0
006 a|||||r|||| 00| 0
007 ta
008 220923b |||||||| |||| 00| 0 urd d
024 _a309087
037 _cTextual
040 _aARTS
_cARTS
_burd
041 _2urd
_aurd
082 _aO1591,3N01,11, 168J7
100 _aPanigrahi Kalindicharan
_9210402
245 0 _aMitti ka putla
260 _c1981
650 _aORIYA LITERATURE
_927692
700 _a Prakash Tr.
_9216377
942 _hO1591,3N01,11, 168J7
_cTEXL
_2CC
999 _c455089
_d455089